| 000 | 01157cam a22002653a 4500 | ||
|---|---|---|---|
| 001 | 8130 | ||
| 003 | PGUSA | ||
| 005 | 20140828083152.0 | ||
| 008 | 050501s2005||||xxu|||||s|||||000 | eng d | ||
| 040 |
_aPGUSA _beng |
||
| 042 | _adc | ||
| 050 | 4 | _aDS | |
| 100 | 1 |
_aHearn, Lafcadio, _d1850-1904 |
|
| 245 | 1 | 0 |
_aGlimpses of Unfamiliar Japan : _bFirst Series _h[electronic resource] / _cLafcadio Hearn |
| 260 |
_bProject Gutenberg, _c2005 |
||
| 505 | 0 | _aMy first day in the Orient -- The writing of Kobodaishi -- Jizo -- A pilgrimage to Enoshima -- At the market of the dead -- Bon-odori -- The chief city of the province of the gods -- Kitzuki: the most ancient shrine in Japan -- In the cave of the children's ghosts -- At Mionoseki -- Notes on Kitzuki -- At Hinomisaki -- Shinju -- Yaegaki-Jinja -- Kitsune. | |
| 506 | _aPublic domain in the USA. | ||
| 516 | _aElectronic text | ||
| 653 | _aJapan -- Description and travel | ||
| 653 | _aJapan -- Religious life and customs | ||
| 653 | _aHearn, Lafcadio, 1850-1904 -- Homes and haunts -- Japan | ||
| 830 | 0 |
_aProject Gutenberg _v8130 |
|
| 856 | 4 | 0 | _uhttp://www.gutenberg.org/ebooks/8130 |
| 942 | _cEB | ||
| 999 |
_c237430 _d237430 |
||